000 00911nas a2200253 454500
001 53870
005 20260407193512.0
008 260407s1941####ag###########|||spa#d
003 AR-UNSa-BCEJYS
040 _aAR-UNSa-BCEJYS
_bspa
_cAR-UNSa-BCEJYS
080 _a349.2
_xDerecho del Trabajo
245 1 0 _aDerecho del trabajo
_prevista crítica mensual de jurisprudencia, doctrina y legislación
264 1 _aBuenos Aires :
_bLa Ley
_c1941
310 _aFrecuencia: Anual Revista Derecho del Trabajo encudernada en tomos Cambia de Director a partir del año 1973 por Enrique Fernández Gianotti Cambia de Director a partir del año 1976 por Juan José Etala
041 _aspa
942 _cSER
590 _aniveau_biblio:s niveau_hierar:1
100 1 _aDeveali, Mario L.
650 _aTrabajo
650 _aDerecho del trabajo
650 _aLegislación
650 _aJURISPRUDENCIA
650 _aDOCTRINA
999 _c8967
_d8967